000 00361 a2200169 4500
001 182674
020 _a85-7308-219-4
040 _cMagnum
100 _aSantos, Jorge Fernando Dos
240 1 0 _aPalmeira seca
_lpor
245 1 0 _aPalmeira seca
300 _a140
362 0 _a1998
440 1 _aNova Fronteira
697 _aLITERATURA GERAL
942 _cBK
999 _c182674
_d182674